<?xml version="1.0" encoding="UTF-8"?>
<record
    xmlns:xsi="http://www.w3.org/2001/XMLSchema-instance"
    xsi:schemaLocation="http://www.loc.gov/MARC21/slim http://www.loc.gov/standards/marcxml/schema/MARC21slim.xsd"
    xmlns="http://www.loc.gov/MARC21/slim">

  <leader>01666nam a2200289 a 4500</leader>
  <controlfield tag="001">1582796</controlfield>
  <controlfield tag="003">CO-MqBPB</controlfield>
  <controlfield tag="005">20221102152409.0</controlfield>
  <controlfield tag="008">171226s2017    sp     gr     000 f spa d</controlfield>
  <datafield tag="020" ind1=" " ind2=" ">
    <subfield code="a">9789584252975</subfield>
  </datafield>
  <datafield tag="040" ind1=" " ind2=" ">
    <subfield code="a">CO-MqBPB</subfield>
    <subfield code="b">spa </subfield>
    <subfield code="c">CO-MqBPB</subfield>
  </datafield>
  <datafield tag="043" ind1=" " ind2=" ">
    <subfield code="a">n-us---</subfield>
  </datafield>
  <datafield tag="082" ind1="0" ind2="4">
    <subfield code="a">AN </subfield>
    <subfield code="b">BROi </subfield>
  </datafield>
  <datafield tag="100" ind1="1" ind2=" ">
    <subfield code="a">Brown, Dan, </subfield>
    <subfield code="d">1964-</subfield>
  </datafield>
  <datafield tag="245" ind1="1" ind2="0">
    <subfield code="a">Inferno / </subfield>
    <subfield code="c">Dan Brown ; traducci&#xF3;n de Aleix Montoto.</subfield>
  </datafield>
  <datafield tag="250" ind1=" " ind2=" ">
    <subfield code="a">Septima edici&#xF3;n</subfield>
  </datafield>
  <datafield tag="260" ind1=" " ind2=" ">
    <subfield code="a">Bogot&#xE1; D.C. , Colombia : </subfield>
    <subfield code="b">Editorial Planeta Colombiana, </subfield>
    <subfield code="c">2020.</subfield>
  </datafield>
  <datafield tag="300" ind1=" " ind2=" ">
    <subfield code="a">633 p&#xE1;ginas ; </subfield>
    <subfield code="c">19 cm.</subfield>
  </datafield>
  <datafield tag="490" ind1="0" ind2=" ">
    <subfield code="a">Planeta internacional</subfield>
  </datafield>
  <datafield tag="520" ind1=" " ind2=" ">
    <subfield code="a">En sus &#xE9;xitos internacionales. Dan Brown aun&#xF3; con maestr&#xED;a historia, arte, c&#xF3;digos y s&#xED;mbolos. En su fascinante thriller Inferno. Brown recupera su esencia con su novela m&#xE1;s ambiciosa hasta la fecha. En el coraz&#xF3;n de Italia Robert Langdon, El catedr&#xE1;tico de Simbolog&#xED;a de Harvard se ve arrastrado a un mundo terror&#xED;fico centrado en una de las obras maestras de la literatura m&#xE1;s imperecederas y misteriosas de la historia: el "Infierno" de la divina comedia de Dante. Con ese tel&#xF3;n de fondo Langdon se enfrenta a un adversario escalofriante y lidia con un acertijo en un escenario de arte cl&#xE1;sico, pasadizos secretos y ciencia futurista. Apoy&#xE1;ndose en el oscuro poema teol&#xF3;gico de Dante, Langdon con una carrera contrarreloj, busca respuestas y personas de confianza antes de que el mundo cambie irrevocablemente. </subfield>
  </datafield>
  <datafield tag="650" ind1=" " ind2=" ">
    <subfield code="a">Criptograf&#xFFFD;a</subfield>
    <subfield code="v"> Novela.</subfield>
  </datafield>
  <datafield tag="650" ind1=" " ind2="4">
    <subfield code="a">Novela estadounidense.</subfield>
  </datafield>
  <datafield tag="650" ind1=" " ind2=" ">
    <subfield code="a">Novela polic&#xFFFD;aca.</subfield>
  </datafield>
  <datafield tag="700" ind1="1" ind2=" ">
    <subfield code="a">Montoto, Aleix, </subfield>
    <subfield code="e">traductor.</subfield>
  </datafield>
  <datafield tag="942" ind1=" " ind2=" ">
    <subfield code="c">BKLIT</subfield>
  </datafield>
  <datafield tag="949" ind1=" " ind2=" ">
    <subfield code="a">n                 </subfield>
    <subfield code="b">n</subfield>
  </datafield>
  <datafield tag="999" ind1=" " ind2=" ">
    <subfield code="c">14543</subfield>
    <subfield code="d">14543</subfield>
  </datafield>
  <datafield tag="952" ind1=" " ind2=" ">
    <subfield code="0">0</subfield>
    <subfield code="1">0</subfield>
    <subfield code="2">ddc</subfield>
    <subfield code="4">0</subfield>
    <subfield code="7">0</subfield>
    <subfield code="8">LA</subfield>
    <subfield code="a">BPMOS</subfield>
    <subfield code="b">BPMOS</subfield>
    <subfield code="d">2022-11-02</subfield>
    <subfield code="e">Compra BPSJBM 2022</subfield>
    <subfield code="i">NT</subfield>
    <subfield code="l">8</subfield>
    <subfield code="m">1</subfield>
    <subfield code="o">AN  BROi </subfield>
    <subfield code="p">MOS502720</subfield>
    <subfield code="r">2025-04-21</subfield>
    <subfield code="s">2025-03-18</subfield>
    <subfield code="t">EJ. 1</subfield>
    <subfield code="w">2022-11-02</subfield>
    <subfield code="y">BKLIT</subfield>
    <subfield code="z">Quince d&#xED;as</subfield>
  </datafield>
</record>
